10 Największych miast w regionie Macedonia - Statystyki

Ogólne statystyki
  • Ten quiz został rozwiązany 3 razy
  • Średni wynik to 6 z 10
Odpowiedzi na mapie
Odpowiedzi zakodowano w zielono-czerwonej skali na mapie do tego quizu, zgodnie z poniższymi procentami.
 
Statystyki odpowiedzi
Państwo Miasto Populacja % Poprawnych
Grecja Saloniki 800k
100%
Macedonia Północna Skopje 420k
100%
Macedonia Północna Bitola 70k
67%
Bułgaria Błagojewgrad 60k
67%
Macedonia Północna Kumanowo 75k
67%
Macedonia Północna Tetovo 65k
67%
Grecja Kawala 50k
33%
Macedonia Północna Prilep 65k
33%
Grecja Seres 60k
33%
Grecja Katerini 60k
0%
Nie znaleziono quizów pasujących do podanych kryteriów
Rozkład punktacji
Procent ludzi z każdym wynikiem
Percentyl według liczby udzielonych odpowiedzi
Twoja historia wyników
Nie rozwiązałeś tego quizu